000 00274nmm a2200097Ia 4500
008 220120s9999||||xx |||||||||||||||||und||
020 _a978-0-07-060092-8
100 _aDigit
245 0 _aRemix OS eorpe, visual studio code, gaming clients
260 _aNine dot Nine
_bNew Delhi
999 _c139992
_d139992